<?xml version="1.0" encoding="UTF-8"?>
<record
    xmlns:xsi="http://www.w3.org/2001/XMLSchema-instance"
    xsi:schemaLocation="http://www.loc.gov/MARC21/slim http://www.loc.gov/standards/marcxml/schema/MARC21slim.xsd"
    xmlns="http://www.loc.gov/MARC21/slim">

  <leader>00883nam a22002057a 4500</leader>
  <controlfield tag="005">20120806111325.0</controlfield>
  <datafield tag="010" ind1=" " ind2=" ">
    <subfield code="a">B-477219</subfield>
  </datafield>
  <datafield tag="020" ind1=" " ind2=" ">
    <subfield code="a">8178354551</subfield>
    <subfield code="c">690.00</subfield>
  </datafield>
  <datafield tag="035" ind1=" " ind2=" ">
    <subfield code="a">B-477219</subfield>
  </datafield>
  <datafield tag="037" ind1=" " ind2=" ">
    <subfield code="a">dpl</subfield>
    <subfield code="b">K.K.Pub/Ven</subfield>
  </datafield>
  <datafield tag="082" ind1=" " ind2=" ">
    <subfield code="a">307.1216</subfield>
  </datafield>
  <datafield tag="100" ind1=" " ind2=" ">
    <subfield code="a">Fernandes, B.G</subfield>
    <subfield code="9">50879</subfield>
  </datafield>
  <datafield tag="245" ind1=" " ind2=" ">
    <subfield code="a">Making Delhi a better place:</subfield>
    <subfield code="b">promoting a vision of urban renaissance /</subfield>
    <subfield code="c">by B.G Fernandes</subfield>
  </datafield>
  <datafield tag="260" ind1=" " ind2=" ">
    <subfield code="a">Delhi</subfield>
    <subfield code="b">Kalpaz Publications</subfield>
    <subfield code="c">2006</subfield>
  </datafield>
  <datafield tag="270" ind1=" " ind2=" ">
    <subfield code="a">C-30, Satyawati Nagar</subfield>
    <subfield code="b">Delhi</subfield>
    <subfield code="e">110052</subfield>
    <subfield code="m">E-mail:Kalpaz@hotmail.com</subfield>
  </datafield>
  <datafield tag="300" ind1=" " ind2=" ">
    <subfield code="a">276p.</subfield>
    <subfield code="c">21cm.(Hb)</subfield>
  </datafield>
  <datafield tag="942" ind1=" " ind2=" ">
    <subfield code="2">ddc</subfield>
    <subfield code="c">EN</subfield>
    <subfield code="m">FER</subfield>
    <subfield code="h">307.1216</subfield>
  </datafield>
  <datafield tag="999" ind1=" " ind2=" ">
    <subfield code="c">68875</subfield>
    <subfield code="d">68875</subfield>
  </datafield>
  <datafield tag="952" ind1=" " ind2=" ">
    <subfield code="0">0</subfield>
    <subfield code="1">0</subfield>
    <subfield code="4">0</subfield>
    <subfield code="7">0</subfield>
    <subfield code="8">NFIC</subfield>
    <subfield code="a">L</subfield>
    <subfield code="b">L</subfield>
    <subfield code="d">2012-08-08</subfield>
    <subfield code="e">K.K.Pub/1907/30.3.2012/SP/45/30.03.2012/30.03.2012</subfield>
    <subfield code="g">690.00</subfield>
    <subfield code="l">0</subfield>
    <subfield code="o">307.1216 FER</subfield>
    <subfield code="p">B-477219</subfield>
    <subfield code="r">2012-08-08 00:00:00</subfield>
    <subfield code="t">1</subfield>
    <subfield code="v">690.00</subfield>
    <subfield code="w">2012-08-08</subfield>
    <subfield code="y">EN</subfield>
  </datafield>
</record>
